Porovnanie finančných transakcií realizovaných centralizovaným a decentralizovaným spôsobom

Výsledky výskumu, ktorého hlavným cieľom bolo porovnať maximálne množstvo transakcií, ktoré za 1 sekundu dokážu spracovať vybraní poskytovatelia (Visa a PayPal) s tými, ktoré je možné uskutočniť decentralizovaným spôsobom (technológia blockchain a kryptomeny). Tak možno určiť či vôbec, a ak áno, tak...

ver descrição completa

Na minha lista:
Detalhes bibliográficos
Autor principal: Badura, Peter, 1978-
Formato: Capítulo de Livro
Idioma:eslovaco
Assuntos:
Tags: Adicionar Tag
Sem tags, seja o primeiro a adicionar uma tag!

MARC

LEADER 00000naa$a2200000$$$4500
001 0260732
005 20240502074130.8
041 0 |a slo 
044 |a SK 
245 1 0 |a Porovnanie finančných transakcií realizovaných centralizovaným a decentralizovaným spôsobom  |c Peter Badura 
520 |a Výsledky výskumu, ktorého hlavným cieľom bolo porovnať maximálne množstvo transakcií, ktoré za 1 sekundu dokážu spracovať vybraní poskytovatelia (Visa a PayPal) s tými, ktoré je možné uskutočniť decentralizovaným spôsobom (technológia blockchain a kryptomeny). Tak možno určiť či vôbec, a ak áno, tak do akej miery, môžu byť kryptomeny priamou hrozbou pre finančné inštitúcie z pohľadu množstva a rýchlosti vykonávaných transakcií už v súčasnosti. 
610 2 0 |a financie 
610 2 0 |a inovácia 
610 2 0 |a mena virtuálna 
610 2 0 |a decentralizácia 
100 1 |a Badura, Peter, 1978-